000 00244nam a2200097Ia 4500
001 689381
005 20250826161633.0
008 250824s9999 xx 000 0 und d
245 0 _aNELER SORDULAR
_cİHSAN SÜREYYA SIRMA
260 _bBEYAN YAYINEVİ
999 _c689381
_d689381